000 00831nam a2200265 a 4500
001 BRCA_4695
005 20190320204753.0
008 011010s1942----sp-a######---#000-0#spa-#
041 _aspa
044 _asp
050 4 _aNK5162
_b.P47 1942
100 1 _aPérez Bueno, Luis
_911912
245 1 0 _aVidrios y vidrierías
_cpor Luis Pérez Bueno.
260 _aBarcelona
_bAlberto Martín
_c1942
300 _a277 p.
_bil.
_c22 cm.
440 0 _aArtes decorativas españolas
_911913
500 _aIncluye índice de láminas, índice de grabados intercalados e índice de capítulos
500 _aD68
504 _aBibliografía: p. 269-270
650 1 4 _aCristalería
_zEspaña
_911914
650 1 4 _aIndustria y comercio
_zEspaña
_911915
650 1 4 _aVidrierías de colores
_zEspaña
_911916
902 _aGFM
942 _2lcc
_cB
999 _c4395
_d4395